रेडीओ दुरुस्ती (Record no. 958599)

MARC details
000 -LEADER
fixed length control field 00439nam a2200133Ia 4500
008 - FIXED-LENGTH DATA ELEMENTS--GENERAL INFORMATION
fixed length control field 151001s9999||||xx |||||||||||||| ||und||
100 ## - MAIN ENTRY--PERSONAL NAME
Personal name श्री वि सोहोनी
245 ## - TITLE STATEMENT
Title रेडीओ दुरुस्ती
250 ## - EDITION STATEMENT
Edition statement 3
260 ## - PUBLICATION, DISTRIBUTION, ETC. (IMPRINT)
Name of publisher, distributor, etc महाराष्ट्र राज्य साहित्य संस्कुती मंडळ मुंबई
260 ## - PUBLICATION, DISTRIBUTION, ETC. (IMPRINT)
Date of publication, distribution, etc 1973
300 ## - PHYSICAL DESCRIPTION
Extent 519
365 ## - TRADE PRICE
Price amount 21

No items available.